000 00693cab a2200229 4500
001 WB3317-31
008 090401t1997 xxu||||| |||| 00| 0 eng d
035 _a(Sirsi) u78143
041 _aeng
245 _aLPAC investigates tall towers need
260 _c1997
350 _a0
490 _aArchitects` Journal
_v205(17) 1 May 1997, 9(1)
520 _aEconomic considerations will be included in the London Planning Advisory Committee`s assessment of the need for tall buildings in London.
650 _aDEVELOPMENT PLANS
650 _aLPAC
650 _aMILLENNIUM TOWER
650 _aTALL BUILDINGS
690 _aPLANNING LAW AND PRACTICE
942 _n0
948 _c02/05/1997
999 _c49167
_d49167